| 000 | 00504nam a22002057a 4500 | ||
|---|---|---|---|
| 005 | 20230427151436.0 | ||
| 008 | 220405b1999 xxu||||| |||| 00| 0 spa d | ||
| 020 | _a8477647577 | ||
| 041 | _aESP | ||
| 082 | _aR 912 A881a | ||
| 245 | _aAtlas y geografía universal Océano | ||
| 260 | _aEspaña | ||
| 260 | _bOcéano Grupo Editorial | ||
| 260 | _c1999 | ||
| 300 | _a428 páginas | ||
| 650 |
_aDICCIONARIOS _975066 |
||
| 650 |
_aGEOGRAFÍA _975067 |
||
| 650 |
_aUNIVERSAL _975068 |
||
| 942 | _cREF | ||
| 999 |
_c13335 _d13335 |
||